Quizzes
Events
Quiz Creation
Community
Videos
Private Events
Remove Ads
Sign In
Join for FREE
Feedback
Dark Mode
Quiz Categories
Sports
Geography
Music
Movies
Television
Just For Fun
Miscellaneous
History
Literature
Language
Science
Gaming
Entertainment
Religion
Holiday
For Kids
Quiz Lab
Recent
Popular Today
Quiz Kudos Today
Editor Picks
Curator Picks
Quizzes by...
Day
Popularity
Type
Ratings
Length
Year
Community
Subscriptions
Recent Discussions
Orange Saloon
Badges
Playlists
Quests
Create
Leaderboards
Showdown
Live 5
Trivia Bingo
Activity
Puzzle Library
Sporcle Events
Private Events
Virtual Trivia
Globe League
Become a Host
Pub Owners
SporcleCon
Opinionation
Our Games
Videos
Blog
Mobile Apps
Partnerships
Remove Ads and Go Orange
Feedback
Television
TV Characters
TV Show
Sitcom
Network
Friends
Reality Shows
Cast
South Park
Star Trek
The Simpsons
Doctor Who
Television
TV Characters
TV Show
Sitcom
Network
Friends
Reality Shows
Cast
South Park
Star Trek
The Simpsons
Doctor Who
Random Quiz
Search Sporcle
×
Quiz Lab
Quiz Lab
Television
Seinfeld Episodes
Type in answers that appear in a list
Type in answers that appear in a list
Classic
Best Score? Go Orange.
Seinfeld Potpourri Stats
You know we're living in a society!
By
EvNevan
5m
15 Questions
217 Plays
217 Plays
217 Plays
Comments
Comments
Give Quiz Kudos
Give Quiz Kudos
-
- Ratings
hide this ad
Replay
Link that replays current quiz
Next Quiz
Link to next quiz in quiz playlist
You Got
0%
They Got
Avg Score
71%
Avg Friend Score
Upgrade to see
Score Distribution
Jump to the score distribution portion of the page
Score
0/15
Timer
05:00
0
Plays Today
Hint
Answer
% Correct
Who really wants to have fun?
Jerry
92.2%
What is the name of Kramer's rooster?
Little Jerry Seinfeld
89.4%
He was how many stories high if he was a foot?
10
88%
What does George add to the eggs for breakfast in The Hamptons
lobster
85.3%
How much money did Jerry give Lloyd Braun for the gum?
$100
80.6%
What is the lesser babka?
Cinnamon
77%
You most likely know Burma as what?
Myanmar
76.5%
The Human Fund: Money For?
People
71.4%
Hint
Answer
% Correct
What magazine does Tim Whatley have in his waiting room?
Penthouse
70.5%
Who is just saying they do?
George
67.7%
H.E. Pennypacker is looking to open a silver mine in the mountains of what country?
Peru
65%
Snowball the dog runs on what?
batteries
57.1%
What type of sweater causes Jerry's accountant to sniff?
mohair
57.1%
Newman despises whom?
Keith Hernandez
49.3%
Where is Jean-
Paul from?
Trinidad and Tobago
48.4%
Quiz Playlist
Details
Report
Send in Message
Add To Playlist
Classic:
Type in answers that appear in a list
Last Updated: Feb 16, 2017
Quiz Scoreboard
CHALLENGE
Sign Up to Join the Scoreboard
Show All
Scores
Hide
Comments
May contain spoilers
Recently Published
Decade Duel: World Leaders
by jenniferyan
History
4m
Alphabetical 'K' Countries by Flag Minefield
by ylime102
Geography
3m
Pick 6: Fruits
by JohnFran
Miscellaneous
15s
More to Explore
Quiz From the Vault
Featured Blog Post
15 Basketball Trivia Facts You Can Be March Mad About
hide this ad
You Might Also Like...
Tags
Seinfeld
Seinfeld Episodes
Seinfeld Quotes
Today's Top Quizzes in Television
Browse Television
hide this ad
Today's Top Quizzes in Seinfeld Episodes
Browse Seinfeld Episodes
Top Contributed Quizzes in Television
1
Hidden Simpsons Character
2
First Name TV: Leading Men
3
Hidden Simpsons Character XXIV
4
Hidden Simpsons Character II
5
First Name TV: Leading Women Drama
6
Hidden Simpsons Character III
7
Hidden Simpsons Character XXV
8
Hidden Simpsons Character XXVI
9
Pick A Pair: Religious TV
10
One Piece Logic Puzzle
Explore More
Trending Topics
Harry Potter
Disney
Marvel
Kpop
Crossword
NBA
Anime
WWE
The Office
Song
Pokémon
NFL
Puzzle
Country
Soccer
hide this ad
More By:
EvNevan
Quiz
Plays
Rating
Category
Featured
Created
Seinfeld Potpourri
217
4.00
Television
Sep 11, 2014
Go to Creator's Profile
Score Distribution
Quiz Creator Spotlight
EvNevan
Follow
Send a Message
Quizzes Created
-
Created Quiz Play Count
-
More By This Creator
Popular Quizzes Today
1
Countries of Asia Without Outlines Minefield
2
Find the US States - No Outlines Minefield
3
Pick 6: Fruits
4
Alphabetical 'K' Countries by Flag Minefield
5
The Countries of the World
6
Find the Countries of Europe - No Outlines Minefield
7
US States
8
Find the US States
More Television Quizzes
Ranczo - cytaty cz.5
Quiz Lab
Trending Quizzes
Pick 6: Mountains
Pick 6: Harry Potter
Pick 6: Flags
Pick 6: NFL Teams
Pick 6: Movie Franchises
Recently Updated
Adaptations: Name the Title
pecheneg
NWSL Teams
pecheneg
Women's Final Four Teams by Year
bhenderson79
Presidents Quartet II
eogle
Anything But Clue(do)
eogle
Anything But Oceanian Capitals
eogle
Anything But 7
eogle
Anything But Thing
eogle
Word Ladder: February 29
pecheneg
Song Title Questions
pecheneg
Trending Topics
Disney
Kpop
Marvel
Anime
NBA
Harry Potter
Crossword
Soccer
Country
The Office
WWE
Puzzle
Song
Pokémon
NFL
Your Account Isn't Verified!
In order to create a playlist on Sporcle, you need to verify the email address you used during registration. Go to your
Sporcle Settings
to finish the process.
Report this User
Report this user for behavior that violates our
Community Guidelines
.
Details:
Send Report
Go to the Sporcle.com Mobile Site →
Comments